Graphically Speaking : A Visual Lexicon for Achieving Better Designer-Client Communication /
Diccionario de diseño gráfico que presenta la particularidad de estar formado por entradas predominantemente visuales. La razón de esta característica estriba en los problemas de comunicación que usualmente aparecen en la relación entre el diseñador y el cliente, quienes "hablan" distintos lenguajes...
Đã lưu trong:
| Tác giả chính: | |
|---|---|
| Định dạng: | Sách |
| Ngôn ngữ: | Tiếng Anh |
| Được phát hành: |
Cincinnati, EUA :
How Design Books,
2003, c2003
|
| Những chủ đề: | |
| Các nhãn: |
Không có thẻ, Là người đầu tiên thẻ bản ghi này!
|
MARC
| LEADER | 00000nam^a2200000^a^4500 | ||
|---|---|---|---|
| 001 | 000168415 | ||
| 005 | 20250521000000.0 | ||
| 009 | 20260310101201.575 | ||
| 020 | |a 1-58180-291-9 | ||
| 037 | |a Acervo ITESO - Biblioteca | ||
| 041 | |a ING | ||
| 082 | |a 741. 603 |b BUC | ||
| 100 | |a Buchanan, Lisa |e (autor) | ||
| 245 | 1 | 0 | |a Graphically Speaking : |b A Visual Lexicon for Achieving Better Designer-Client Communication / |c L. Buchanan. |
| 264 | 4 | |a Cincinnati, EUA : |b How Design Books, |c 2003, c2003 | |
| 300 | |a 240 p. | ||
| 336 | |a texto |b txt |2 rdacontenido | ||
| 337 | |a sin mediación |b n |2 rdamedio | ||
| 338 | |a volumen |b nc |2 rdasoporte | ||
| 520 | |a Diccionario de diseño gráfico que presenta la particularidad de estar formado por entradas predominantemente visuales. La razón de esta característica estriba en los problemas de comunicación que usualmente aparecen en la relación entre el diseñador y el cliente, quienes "hablan" distintos lenguajes. Así, cada entrada está integrada por breves comentarios textuales y referencias visuales que comprenden combinaciones de colores, fuentes y diseños terminados. | ||
| 649 | |a XX | ||
| 650 | |a Agencias de Publicidad | ||
| 650 | |a Atención al Cliente | ||
| 650 | |a Diseño Gráfico - |x Enciclopedias y Diccionarios - |x Tema Principal | ||
| 650 | |a Diseño Asistido por Computadora - |x Enciclopedias y Diccionarios | ||
| 650 | |a Comunicación Visual - |x Enciclopedias y Diccionarios | ||
| 650 | |a Enciclopedias y Diccionarios | ||
| 910 | |a Fondo General | ||
| 920 | |a Impresos - Libros | ||
| 930 | |a Reserva Especial | ||
| 905 | |a 103 | ||
| 901 | |a 0500104429 |b IT1 |c REE |u 20250521 | ||
| 902 | |a https://opac.biblio.iteso.mx/vufind/Record/000168415 | ||